[Event "Athens Epikoinonia 1st"]
[Site "Athens"]
[Date "2013.04.28"]
[Round "3.7"]
[White "Papacharitonos, Chariton"]
[Black "Paraskevas, Georgios"]
[Result "0-1"]
[WhiteElo "1744"]
[BlackElo "1432"]
[PlyCount "78"]
[EventDate "2013.04.14"]
[EventType "swiss"]
[EventRounds "7"]
[EventCountry "GRE"]
[SourceTitle "EXT 2024"]
[Source "ChessBase"]
[SourceDate "2023.10.10"]
[SourceVersion "1"]
[SourceVersionDate "2023.10.10"]
[SourceQuality "1"]

1. e4 e5 2. f4 Bc5 3. Nf3 Nc6 4. Nc3 d6 5. Bb5 Bd7 6. d3 Nge7 7. Na4 Bb6 8. Nxb6 axb6 9. 0-0 0-0 10. fxe5 Nxe5 11. Bxd7 Nxd7 12. Bg5 f6 13. Be3 d5 14. Nd4 Qc8 15. Ne6 Rf7 16. Bf4 c6 17. Nc7 Ra7 18. exd5 Nxd5 19. Nxd5 cxd5 20. Re1 Nc5 21. Qe2 Ra8 22. Qe3 Qd7 23. c3 Qb5 24. d4 Ne4 25. Qe2 Qc6 26. Qc2 b5 27. a3 g5 28. Bg3 f5 29. Be5 f4 30. Qe2 Qd7 31. Rad1 g4 32. Rf1 Raf8 33. Rd3 h5 34. Kh1 h4 35. h3 Ng3+ 36. Rxg3 hxg3 37. Qd3 Qe6 38. Qxb5 f3 39. gxf3 Rxf3 0-1

[Event "Athens Epikoinonia 1st"]
[Site "Athens"]
[Date "2013.04.21"]
[Round "2.5"]
[White "Ponirakis, Dimitrios"]
[Black "Papacharitonos, Chariton"]
[Result "1-0"]
[WhiteElo "1997"]
[BlackElo "1744"]
[PlyCount "47"]
[EventDate "2013.04.14"]
[EventType "swiss"]
[EventRounds "7"]
[EventCountry "GRE"]
[SourceTitle "EXT 2024"]
[Source "ChessBase"]
[SourceDate "2023.10.10"]
[SourceVersion "1"]
[SourceVersionDate "2023.10.10"]
[SourceQuality "1"]

1. d4 Nf6 2. Nf3 g6 3. Nc3 d5 4. Bf4 c6 5. Qd2 h5 6. 0-0-0 b5 7. Ne5 b4 8. Na4 Ne4 9. Qe1 Qa5 10. b3 e6 11. f3 Nc3 12. Nxc3 bxc3 13. a4 Ba3+ 14. Kb1 Qb4 15. Nd3 Qa5 16. Ka2 Be7 17. e4 g5 18. Bc1 Ba6 19. Ba3 Bc4 20. bxc4 Qxa4 21. Qxc3 Bxa3 22. Qxa3 Qxc2+ 23. Nb2 Nd7 24. Qd3 1-0